The Lessons and Leacy of a dark decade /

Dspués de diez años de haberse instaurado el gobierno dictatorial del general Augusto Pinochet, el pueblo chileno sigue manifestándose contra la represión del régimen militar que lo ha privado de sus derechos políticos y humanos. En este artículo NACLA discute los cambios políticos, sociales y econó...

全面介紹

Guardado en:
書目詳細資料
主要作者: Volk, Steven
格式: Texto
主題:
標簽: 添加標簽
沒有標簽, 成為第一個標記此記錄!

MARC

LEADER 00000 a a2200000 04500
001 9847
003
040
100 |a Volk, Steven  
245 |a The Lessons and Leacy of a dark decade /  |c Steven Volk 
520 |a Dspués de diez años de haberse instaurado el gobierno dictatorial del general Augusto Pinochet, el pueblo chileno sigue manifestándose contra la represión del régimen militar que lo ha privado de sus derechos políticos y humanos. En este artículo NACLA discute los cambios políticos, sociales y económicos que el militarismo ha provocado en Chile. Dicho régimen, que inicio su dominio sin ningún proyecto político específico -excepto, aniquilar al enemigo-, está enfrentándose a las fallas estructurales de su régimen. El autor relaciona estos problemas con el crecimiento a la oposición al régimen dictarial. ABB/mb  
650 |a DICTADURA  
650 |a ESTADO  
650 |a INTERVENCION DEL ESTADO  
650 |a SISTEMAS POLITICOS  
650 |a CENTRALIZACION  
650 |a MARCO INSTITUCIONAL  
773 |g volumen 17, número 5; páginas 2-14  
999 |c 31638  |d 31638